| 000 | 00693nam a2200217 i 4500 | ||
|---|---|---|---|
| 001 | 81468 | ||
| 003 | ES-MaACL | ||
| 005 | 20250817144022.0 | ||
| 007 | t| | ||
| 008 | 041104s1970 sp ||||1| spa d | ||
| 080 | _a655.255 | ||
| 100 | 0 |
_aHuarte Morton, Fernando, _d1921-2011 _964474 |
|
| 245 | 1 | 0 |
_aCartilla de tipografía para autores : _bpreparación de originales y corrección de pruebas / _cFernando Huarte Morton. |
| 250 | _a2ª ed. | ||
| 260 |
_aMadrid : _bAlfaguara, _c1970. |
||
| 300 |
_a76 p. ; _c21 cm. |
||
| 650 | 7 |
_aPruebas de imprenta _2embne _9173798 |
|
| 650 | 4 |
_aImprenta- _vManuales de estilo _913609 |
|
| 852 | 4 |
_aES-MaACL _jC-44240 |
|
| 999 |
_c81468 _d81468 |
||